Bilecik Bilecik Bilecik Bilecik Bilecik

Chemistry/ (Record no. 12024)

MARC details
000 -BAŞLIK
Sabit Uzunluktaki Kontrol Alanı 00925nam a22003017a 4500
001 - KONTROL NUMARASI
Control Dosyası 0012055
003 - KONTROL NUMARASI KİMLİĞİ
Kontrol Alanı KOHA_MİRAKIL
005 - EN SON İŞLEM TARİHİ ve ZAMANI
Kontrol Alanı 20260207001838.0
007 - FİZİKSEL TANIM SABİT ALAN - GENEL BİLGİ
Sabit uzunluklu kontrol alanı ta
008 - SABİT UZUNLUKTAKİ VERİ ÖGELERİ - GENEL BİLGİ
Sabit Alan 090729b2008 xx |||gr||||#||||0|Eng |
020 ## - ISBN - ULUSLARARASI STANDART KİTAP NUMARASI
Isbn 9780495391630
Nitelik bilgileri
020 ## - ISBN - ULUSLARARASI STANDART KİTAP NUMARASI
Isbn 0495391638
Nitelik bilgileri
Kullanılabilirlik koşulları 61,54
040 ## - KATALOGLAMA KAYNAĞI
Özgün Kataloglama Kurumu TR-BiSEU
Kataloglama Dili tur
Çeviri Kurumu TR-BiSEU
Açıklama Kuralları rda
041 0# - DİL KODU
Metin ya da ses kaydının dil kodu Eng
050 ## - SINIFLAMA ve YER NUMARASI
Sınıflama Numarası QD31.3
Yer Numarası .W53 2008
100 1# - KİŞİ ADI
Yazar Adı (Kişi adı) Whitten, Kenneth W. .
245 1# - ESER ADI BİLDİRİMİ
Başlık Chemistry/
Sorumluluk Bildirimi Kenneth W. Whitten ; Kenneth W. Whitten, Raymond E. Davis, M. Larry Peck.
250 ## - BASIM BİLDİRİMİ
Basım Bildirimi 9th Ed.
264 #1 - ÜRERİM, YAYIN, DAĞITIM ve TELİF BİLDİRİMİ
Yayın yeri Belmont, CA :
Yayınlayan Cengage Learning
Yayın tarihi 2008
300 ## - FİZİKSEL TANIMLAMA
Sayfa, Cilt vb. xxxvii, 1068 sayfa (A 32s. E 5s .I24s.) ;
Boyutları 27cm.
336 ## - İÇERİK TÜRÜ
Content type term metin
Content type code txt
Source rdacontent
337 ## - MEDYA TÜRÜ
Media type term aracısız
Media type code n
Source rdamedia
338 ## - TAŞIYICI TÜRÜ
Carrier type term cilt
Carrier type code nc
Source rdacarrier
490 0# - DİZİ BİLDİRİMİ
Dizi Bildirimi International edition
650 #0 - KONU BAŞLIĞI EK GİRİŞ - KONU TERİMİ
Konusal terim veya coğrafi ad Chemistry--Textbooks.
9 (RLIN) 29241
830 0# - SERİ EK GİRİŞİ - TEKBİÇİM ESER ADI
Tekbiçim Başlık International edition
9 (RLIN) 29162
942 ## - EK GİRİŞ ÖGELERİ (KOHA)
Source of classification or shelving scheme Library of Congress Classification
Koha item type Book
Holdings
Materyal Türü Kalıcı Konum Mevcut Konum Raf Yeri Sınıflandırma Kaynağı Edinim Bilgisi Ana Konular Alt Konular Yer Numarası Demirbaş Numarası Fatura Tarihi Maliyet, Alış Fiyatı Maliyet, Yenileme Fiyatı Geri Çekilme Durumu Kayıp Durumu Hasarlı Durumu Kredi için değil Kayıt Tarih Toplam Ödünçverme Son Görülme Tarihi Son Kontrol Tarihi
Book Prof. Dr. Azmi Özcan Kütüphanesi Prof. Dr. Azmi Özcan Kütüphanesi Birûni Salonu Library of Congress Classification Satın BİLİM Kimya QD31.3 .W53 2008 0012055 23/12/2009 66.46 66.46         29/07/2009 3 05/12/2024 05/12/2024